[Event "St Leon Rot op"]
[Site "St Leon Rot"]
[Date "2011.12.28"]
[Round "3"]
[White "Wendling, Lukas"]
[Black "Herbst, Matthew"]
[Result "1/2-1/2"]
[WhiteElo "1757"]
[BlackElo "1757"]
[PlyCount "32"]
[EventDate "2011.12.27"]
[EventType "swiss"]
[EventRounds "7"]
[EventCountry "GER"]
[SourceTitle "CBM 146 Extra"]
[Source "ChessBase"]
[SourceDate "2012.02.29"]
[SourceVersion "1"]
[SourceVersionDate "2012.02.29"]
[SourceQuality "1"]

1. e4 e5 2. Nf3 Nc6 3. Bc4 Nf6 4. Ng5 d5 5. exd5 Na5 6. Bb5+ c6 7. dxc6 bxc6 8. Qf3 Rb8 9. Ba4 Bb7 10. d3 Qd4 11. Qe3 Qxa4 12. Qxe5+ Kd7 13. Qf5+ Ke8 14. Qe5+ Kd7 15. Qf5+ Ke8 16. Qe5+ Kd7 1/2-1/2

[Event "St Leon Rot op"]
[Site "St Leon Rot"]
[Date "2011.12.27"]
[Round "1"]
[White "Dushatskiy, Fedor"]
[Black "Herbst, Matthew"]
[Result "1-0"]
[WhiteElo "2218"]
[BlackElo "1757"]
[PlyCount "35"]
[EventDate "2011.12.27"]
[EventType "swiss"]
[EventRounds "7"]
[EventCountry "GER"]
[SourceTitle "CBM 146 Extra"]
[Source "ChessBase"]
[SourceDate "2012.02.29"]
[SourceVersion "1"]
[SourceVersionDate "2012.02.29"]
[SourceQuality "1"]

1. d4 d5 2. Nf3 Nf6 3. c4 e6 4. Nc3 Nbd7 5. cxd5 Nxd5 6. e4 N5f6 7. Bc4 Nb6 8. Bb3 Bb4 9. Qe2 h6 10. Qb5+ c6 11. Qxb4 a5 12. Qc5 Nbd7 13. Qd6 Nh5 14. e5 Ra6 15. Bxe6 c5 16. Bxd7+ Bxd7 17. Qxc5 Rc6 18. Qd5 1-0

[Event "GER-ch U25 op"]
[Site "Willingen"]
[Date "2009.06.03"]
[Round "6"]
[White "Herbst, Matthew"]
[Black "Wang, Julia"]
[Result "1/2-1/2"]
[WhiteElo "1615"]
[BlackElo "1506"]
[PlyCount "171"]
[EventDate "2009.05.30"]
[EventType "swiss"]
[EventRounds "9"]
[EventCountry "GER"]
[SourceTitle "EXT 2010"]
[Source "ChessBase"]
[SourceDate "2010.11.25"]
[SourceVersion "1"]
[SourceVersionDate "2010.11.25"]
[SourceQuality "1"]

1. e4 c6 2. d4 d5 3. Nc3 dxe4 4. Nxe4 Bf5 5. Ng3 Bg6 6. h4 h6 7. Bc4 Nd7 8. N1e2 Ngf6 9. Nf4 Bh7 10. c3 e6 11. 0-0 g5 12. hxg5 hxg5 13. Nh3 g4 14. Nf4 Qc7 15. Re1 0-0-0 16. Bd3 Bd6 17. Nfe2 Bxd3 18. Qxd3 Rh7 19. b4 Rdh8 20. Kf1 Nd5 21. a3 N7f6 22. c4 Nf4 23. Bxf4 Bxf4 24. Nxf4 Qxf4 25. Rad1 Rh4 26. Ke2 Kc7 27. Qe3 Nh5 28. Nxh5 Qxe3+ 29. Kxe3 R8xh5 30. Kd3 g3 31. f3 Rh2 32. Rg1 Rf5 33. Rde1 Kd6 34. Re4 Rg5 35. a4 Rh6 36. Re5 Rh2 37. Re4 Rhh5 38. Ree1 e5 39. dxe5+ Rxe5 40. Rxe5 Rxe5 41. Rh1 b5 42. axb5 cxb5 43. c5+ Kc6 44. Ra1 Re7 45. Kd2 Kb7 46. Kd3 f5 47. Kd2 f4 48. Ra3 Rd7+ 49. Kc3 Rd1 50. Ra2 Rc1+ 51. Kd3 Rc4 52. Rb2 Kc6 53. Ra2 Rxb4 54. Rxa7 Rb2 55. Ke4 Rb4+ 56. Ke5 Kxc5 57. Rc7+ Kb6 58. Rc2 Rc4 59. Rxc4 bxc4 60. Kxf4 c3 61. Ke3 Kc5 62. Kd3 Kb4 63. Kc2 Kc4 64. f4 Kd4 65. f5 Ke5 66. Kxc3 Kxf5 67. Kd3 Kf4 68. Kd4 Kf5 69. Ke3 Kg5 70. Kf3 Kh4 71. Kf4 Kh5 72. Kf3 Kh4 73. Kf4 Kh5 74. Kxg3 Kg5 75. Kf3 Kf5 76. g3 Kg5 77. g4 Kg6 78. Kg3 Kg5 79. Kh3 Kg6 80. Kh4 Kh6 81. g5+ Kg7 82. Kh5 Kh7 83. g6+ Kg8 84. Kh6 Kh8 85. g7+ Kg8 86. Kg6 1/2-1/2

[Event "GER-chT WK U18 4th"]
[Site "Kiel"]
[Date "2008.05.31"]
[Round "3.1"]
[White "Herbst, Matthew"]
[Black "Juenger, Alexander"]
[Result "1-0"]
[WhiteElo "1360"]
[BlackElo "1124"]
[PlyCount "61"]
[EventDate "2008.05.31"]
[EventType "team-swiss"]
[EventRounds "7"]
[EventCountry "GER"]
[SourceTitle "EXT 2010"]
[Source "ChessBase"]
[SourceDate "2010.11.25"]
[SourceVersion "1"]
[SourceVersionDate "2010.11.25"]
[SourceQuality "1"]

1. e4 e5 2. Nf3 Nc6 3. d4 exd4 4. Nxd4 Qh4 5. Nb5 Qxe4+ 6. Qe2 Qxe2+ 7. Bxe2 Bb4+ 8. Bd2 Bxd2+ 9. Nxd2 Kd8 10. Bc4 Ne5 11. Bb3 c6 12. Nd6 Ke7 13. N2e4 b6 14. f4 Ng6 15. Nxf7 d5 16. Nxh8 dxe4 17. Nxg6+ hxg6 18. Bxg8 Bg4 19. Bb3 Rd8 20. h3 Be6 21. Bxe6 Kxe6 22. Rd1 Rf8 23. 0-0 c5 24. g4 a5 25. f5+ gxf5 26. Rxf5 Rxf5 27. gxf5+ Kxf5 28. Rd6 e3 29. Kf1 Kf4 30. Rxb6 g5 31. Ke2 1-0

[Event "GER-chT U12"]
[Site "Verden an der Aller"]
[Date "2007.12.30"]
[Round "7.1"]
[White "Heermann, Kai"]
[Black "Herbst, Matthew"]
[Result "1/2-1/2"]
[WhiteElo "1379"]
[BlackElo "1153"]
[PlyCount "40"]
[EventDate "2007.12.27"]
[EventType "team-swiss"]
[EventRounds "7"]
[EventCountry "GER"]
[SourceTitle "EXT 2009"]
[Source "ChessBase"]
[SourceDate "2008.11.26"]
[SourceVersion "1"]
[SourceVersionDate "2008.11.26"]
[SourceQuality "1"]
[WhiteTeam "Wilhelmshaven U12"]
[BlackTeam "Baiertal/Schatthausen U12"]
[WhiteTeamCountry "GER"]
[BlackTeamCountry "GER"]

1. d4 d5 2. c4 e6 3. Nc3 Nf6 4. Nf3 c6 5. Bf4 Nbd7 6. e3 Be7 7. Bd3 0-0 8. Qc2 Re8 9. 0-0 Nf8 10. cxd5 exd5 11. e4 dxe4 12. Nxe4 Nd5 13. Bg3 Bg4 14. Ned2 Bf6 15. a3 Qb6 16. Nc4 Qd8 17. Nfe5 Bxe5 18. Nxe5 Ng6 19. Rfe1 Qg5 20. Bxg6 hxg6 1/2-1/2

[Event "GER-chT U12"]
[Site "Verden an der Aller"]
[Date "2007.12.29"]
[Round "5.1"]
[White "Herbst, Matthew"]
[Black "Schnorr, Christian"]
[Result "1-0"]
[WhiteElo "1153"]
[BlackElo "1569"]
[PlyCount "119"]
[EventDate "2007.12.27"]
[EventType "team-swiss"]
[EventRounds "7"]
[EventCountry "GER"]
[SourceTitle "EXT 2009"]
[Source "ChessBase"]
[SourceDate "2008.11.26"]
[SourceVersion "1"]
[SourceVersionDate "2008.11.26"]
[SourceQuality "1"]
[WhiteTeam "Baiertal/Schatthausen U12"]
[BlackTeam "Stuttgart Wolfbusch U12"]
[WhiteTeamCountry "GER"]
[BlackTeamCountry "GER"]

1. e4 c5 2. Nf3 e6 3. d4 cxd4 4. Nxd4 Nf6 5. Nc3 d6 6. Bc4 a6 7. Bb3 b5 8. Bg5 Be7 9. a3 Bb7 10. Bxe6 Nxe4 11. Be3 Nxc3 12. bxc3 Bf6 13. Bh3 Nd7 14. Qe2 Qe7 15. 0-0 0-0 16. Rad1 Rac8 17. Qd2 d5 18. Ra1 Rc4 19. Nf5 Qe5 20. Bd4 Qc7 21. Rac1 Bxd4 22. cxd4 Nf6 23. Qg5 Ne8 24. Rfe1 f6 25. Qh5 Qf7 26. Nh6+ gxh6 27. Be6 Qxe6 28. Rxe6 Ng7 29. Qg4 Rxd4 30. Qxd4 Nxe6 31. Qg4+ Ng7 32. Re1 Bc8 33. Qg3 Bf5 34. Re7 Bg6 35. Qc7 Bf7 36. Qc6 Nf5 37. Re1 Nd4 38. Qc3 Nf5 39. Qxf6 Bg6 40. Qe6+ Rf7 41. Qxd5 Kg7 42. Qe5+ Rf6 43. Qb2 Bf7 44. Re4 h5 45. Rf4 Bg6 46. h3 h4 47. g4 hxg3 48. fxg3 h6 49. g4 Kf7 50. gxf5 Rxf5 51. Rxf5+ Bxf5 52. Qb3+ Be6 53. Qf3+ Kg6 54. Qc6 Kf7 55. Kh2 Bc4 56. Kg3 Kg7 57. Kf4 a5 58. Kf5 a4 59. Qc7+ Kf8 60. Kf6 1-0

[Event "GER-chT U12"]
[Site "Verden an der Aller"]
[Date "2007.12.29"]
[Round "6.1"]
[White "Herbst, Matthew"]
[Black "Schwiddessen, Jan"]
[Result "1-0"]
[WhiteElo "1153"]
[BlackElo "1335"]
[PlyCount "71"]
[EventDate "2007.12.27"]
[EventType "team-swiss"]
[EventRounds "7"]
[EventCountry "GER"]
[SourceTitle "EXT 2009"]
[Source "ChessBase"]
[SourceDate "2008.11.26"]
[SourceVersion "1"]
[SourceVersionDate "2008.11.26"]
[SourceQuality "1"]
[WhiteTeam "Baiertal/Schatthausen U12"]
[BlackTeam "Brackel SF U12"]
[WhiteTeamCountry "GER"]
[BlackTeamCountry "GER"]

1. e4 e5 2. Nf3 Nc6 3. d4 exd4 4. Nxd4 Bc5 5. Be3 Qf6 6. c3 Nge7 7. Bc4 0-0 8. 0-0 Re8 9. Nb5 Bxe3 10. fxe3 Qe5 11. Bxf7+ Kh8 12. Bxe8 Qxb5 13. Rf8+ Ng8 14. Qd5 Qxd5 15. exd5 Nce7 16. Bxd7 h6 17. Bxc8 Rxc8 18. Rxc8 Nxc8 19. Nd2 Nf6 20. e4 Nb6 21. Re1 g5 22. c4 Kg7 23. e5 Ne8 24. Rf1 h5 25. b3 g4 26. Ne4 a5 27. d6 cxd6 28. exd6 Nd7 29. a3 h4 30. b4 b6 31. c5 axb4 32. axb4 bxc5 33. bxc5 Nxc5 34. Nxc5 g3 35. h3 Nf6 36. Rxf6 1-0

[Event "GER-ch U25"]
[Site "Willingen"]
[Date "2007.05.31"]
[Round "8"]
[White "Herbst, Matthew"]
[Black "Zimmerer, David"]
[Result "1-0"]
[WhiteElo "1244"]
[BlackElo "1634"]
[PlyCount "135"]
[EventDate "2007.05.26"]
[EventType "swiss"]
[EventRounds "9"]
[EventCountry "GER"]
[SourceTitle "CBM 118 Extra"]
[Source "ChessBase"]
[SourceDate "2007.07.04"]
[SourceVersion "1"]
[SourceVersionDate "2007.07.04"]
[SourceQuality "1"]

1. e4 c5 2. Nf3 Nc6 3. c3 d5 4. exd5 Qxd5 5. d4 e6 6. Na3 Nf6 7. Be3 b6 8. Bc4 Qd7 9. Qb3 Bb7 10. Qd1 Be7 11. 0-0 0-0 12. Qe2 Rfd8 13. Rad1 Qc8 14. Rfe1 Na5 15. Bd3 Nd5 16. Bd2 Nc6 17. Qe4 Nf6 18. Qf4 Qd7 19. Nc2 Bd6 20. Qh4 h6 21. Bxh6 gxh6 22. Qxf6 Bf8 23. Ne5 Qe8 24. Ng4 Bg7 25. Nxh6+ Kf8 26. Qh4 Rd7 27. Nf5 Qd8 28. Qxd8+ Raxd8 29. Nxg7 Kxg7 30. Bb5 a6 31. Bxc6 Bxc6 32. h3 Rg8 33. dxc5 Rxd1 34. Rxd1 bxc5 35. Rd3 Kh7 36. Rg3 Rxg3 37. fxg3 Kg6 38. Kf2 Kg5 39. Ne3 f5 40. b4 cxb4 41. cxb4 e5 42. h4+ Kf6 43. Nd1 Kg6 44. Nc3 Kf6 45. a4 e4 46. Ke3 Ke5 47. b5 axb5 48. axb5 Bb7 49. b6 Ba8 50. h5 Kf6 51. h6 Kg6 52. h7 Kxh7 53. Na4 Kg6 54. Kf4 e3 55. Kxe3 Bxg2 56. Kf4 Kf6 57. Nc5 Bc6 58. b7 Bxb7 59. Nxb7 Kg6 60. Nd6 Kh5 61. Kxf5 Kh6 62. g4 Kh7 63. Kf6 Kh8 64. Kf7 Kh7 65. g5 Kh8 66. Nb5 Kh7 67. g6+ Kh8 68. g7+ 1-0

[Event "GER-ch U25"]
[Site "Willingen"]
[Date "2007.05.28"]
[Round "4"]
[White "Lengler, Ole"]
[Black "Herbst, Matthew"]
[Result "1-0"]
[WhiteElo "1541"]
[BlackElo "1244"]
[PlyCount "61"]
[EventDate "2007.05.26"]
[EventType "swiss"]
[EventRounds "9"]
[EventCountry "GER"]
[SourceTitle "CBM 118 Extra"]
[Source "ChessBase"]
[SourceDate "2007.07.04"]
[SourceVersion "1"]
[SourceVersionDate "2007.07.04"]
[SourceQuality "1"]

1. e4 e5 2. Nf3 Nc6 3. Bc4 Nf6 4. Ng5 d5 5. exd5 Na5 6. Bb5+ c6 7. dxc6 bxc6 8. Be2 h6 9. Nf3 Bd6 10. d3 Be6 11. 0-0 0-0 12. Nc3 Nb7 13. Be3 Qc7 14. Nd2 e4 15. h3 exd3 16. Bxd3 Qd7 17. Nde4 Bxh3 18. Nxf6+ gxf6 19. Qh5 Qg4 20. Qxh3 Qxh3 21. gxh3 h5 22. Ne4 Be7 23. Kh1 Kh8 24. Rg1 Rg8 25. Bd4 Rxg1+ 26. Rxg1 Kh7 27. Nxf6+ Kh8 28. Nxh5+ f6 29. Nxf6 Rd8 30. Nd7+ Bf6 31. Bxf6# 1-0